| 000 | 00440nam a2200133Ia 4500 | ||
|---|---|---|---|
| 008 | 260210s9999 xx 000 0 und d | ||
| 024 | _a16B-65-EL, 16B-16-EL & 16B-83-EL | ||
| 082 | _a628.072 WAR | ||
| 100 | _aWardah Khan, Fatima Hassan & Humera Ejaz | ||
| 245 | 0 | _aSmart Waste Management System Based on IOT | |
| 260 |
_aKarachi: _bUITU, _c2016 |
||
| 600 | _aComputer System Engineering | ||
| 650 | _aBachelor of Engineering (BE) | ||
| 999 |
_c32781 _d32781 |
||